| 000 | 00429nam a22001577a 4500 | ||
|---|---|---|---|
| 003 | OSt | ||
| 005 | 20251031095430.0 | ||
| 008 | 251031b |||||||| |||| 00| 0 eng d | ||
| 022 | _a0040-5639 | ||
| 100 | _aIvana Noble | ||
| 245 |
_aKOSICKI, POITR H.: Vatican II: _bBehind the Iron Curtain |
||
| 260 |
_aUSA, _bSages Productions; _c2018 |
||
| 300 | _aP.194-196 | ||
| 440 |
_aTheological Studies _nNo.1 _vVol.79 |
||
| 942 |
_2lcc _cART |
||
| 999 |
_c205004 _d204964 |
||